Sự biến đổi giá trị văn hoá truyền thống của người Tày ở Thái Nguyên /
שמור ב:
| מחבר ראשי: | |
|---|---|
| פורמט: | Bài viết |
| שפה: | Vietnamese |
| נושאים: | |
| תגים: |
הוספת תג
אין תגיות, היה/י הראשונ/ה לתייג את הרשומה!
|
| Thư viện lưu trữ: | Thư viện Trường Đại học Đà Lạt |
|---|
| LEADER | 00854nam a2200277 4500 | ||
|---|---|---|---|
| 001 | DLU180184079 | ||
| 005 | ##20180322 | ||
| 040 | # | # | |a DLU |b vie |
| 041 | # | # | |a vie |
| 044 | # | # | |a vn |
| 100 | # | # | |a Nguyễn Thị Nội. |
| 245 | # | # | |a Sự biến đổi giá trị văn hoá truyền thống của người Tày ở Thái Nguyên / |c Nguyễn Thị Nội. |
| 653 | # | # | |a Giá trị văn hoá |
| 653 | # | # | |a Người Tày |
| 653 | # | # | |a Tháí Nguyên |
| 653 | # | # | |a Văn hoá truyền thống |
| 773 | # | # | |t Tạp chí Văn hoá nghệ thuật |g Số 390, 2016, tr. 29-31 |
| 920 | # | # | |a Phòng Tạp chí -- Trung tâm Thông tin - Thư viện Trường Đại học Đà Lạt |
| 994 | # | # | |a DLU |
| 900 | # | # | |a True |
| 911 | # | # | |a Trần Thị Minh Hương |
| 925 | # | # | |a G |
| 926 | # | # | |a A |
| 927 | # | # | |a BB |
| 980 | # | # | |a Thư viện Trường Đại học Đà Lạt |